The body : (Record no. 127071)
[ view plain ]
| 000 -LEADER | |
|---|---|
| campo de control de longitud fija | 02499nam a22002657a 4500 |
| 003 - IDENTIFICADOR DE NÚMERO DE CONTROL | |
| campo de control | BJBSDDR |
| 005 - FECHA Y HORA DE LA ÚLTIMA TRANSACCIÓN | |
| campo de control | 20260512173232.0 |
| 006 - CÓDIGOS DE INFORMACIÓN DE LONGITUD FIJA--CARACTERÍSTICAS DEL MATERIAL ADICIONAL | |
| campo de control de longitud fija | a|||||r|||| 00| 0 |
| 007 - CAMPO FIJO DE DESCRIPCIÓN FÍSICA--INFORMACIÓN GENERAL | |
| campo de control de longitud fija | ta |
| 008 - DATOS DE LONGITUD FIJA--INFORMACIÓN GENERAL | |
| campo de control de longitud fija | 260512s2021 nyu|||||r|||| 00| 0 eng d |
| 020 ## - NÚMERO INTERNACIONAL ESTÁNDAR DEL LIBRO | |
| Número Internacional Estándar del Libro | 9780804172721 |
| 040 ## - FUENTE DE CATALOGACIÓN | |
| Lengua de catalogación | spa |
| Centro/agencia transcriptor | BJBSDDR |
| 041 ## - CÓDIGO DE IDIOMA | |
| Código de lengua del texto/banda sonora o título independiente | eng |
| 050 ## - SIGNATURA TOPOGRÁFICA DE LA BIBLIOTECA DEL CONGRESO | |
| Número de ítem | B916b 2021 |
| 100 1# - ENTRADA PRINCIPAL--NOMBRE DE PERSONA | |
| Nombre de persona | Bryson, Bill, |
| Fechas asociadas al nombre | 1951- |
| 9 (RLIN) | 9397 |
| 245 14 - MENCIÓN DEL TÍTULO | |
| Título | The body : |
| Resto del título | a guide for occupants / |
| Mención de responsabilidad, etc. | Bill Bryson. |
| 250 ## - MENCION DE EDICION | |
| Mención de edición | First Anchor books edition |
| 260 ## - PUBLICACIÓN, DISTRIBUCIÓN, ETC. | |
| Lugar de publicación, distribución, etc. | New York : |
| Nombre del editor, distribuidor, etc. | Anchor Books, a division of Penguin Random House LLC, |
| Fecha de publicación, distribución, etc. | 2021 |
| 300 ## - DESCRIPCIÓN FÍSICA | |
| Extensión | x, 452 pages, 16 unnumbered pages of plates : |
| Otras características físicas | illustrations (some color) ; |
| Dimensiones | 21 cm |
| 500 ## - NOTA GENERAL | |
| Nota general | "With a new afterword"--Cover<br/>"Originally published in hardcover in the United States by Doubleday, a division of Penguin Random House LLC, New York, and simultaneously published in hardcover in Great Britain by Doubleday, an imprint of Transworld Publishers, a division of Penguin Random House Ltd., London, in 2019."--Title page verso |
| 505 ## - NOTA DE CONTENIDO CON FORMATO | |
| Nota de contenido con formato | Contenidos : <br/>How to build a human<br/>The outside : skin and hair<br/>Microbial you<br/>The brain<br/>The head<br/>Down the hatch : the mouth and throat<br/>The heart and blood<br/>The chemistry department<br/>In the dissecting room : the skeleton<br/>On the move : bipedalism and exercise<br/>Equilibrium<br/>The immune system<br/>Deep breath : the lungs and breathing<br/>Food, glorious food<br/>The guts<br/>Sleep<br/>Into the nether regions<br/>In the beginning : conception and birth<br/>Nerves and pain<br/>When things go wrong: diseases<br/>When things go very wrong : cancer<br/>Medicine good and bad<br/>The end<br/>Afterword to the Anchor books edition (2020) |
| 520 ## - RESUMEN, ETC. | |
| Sumario, etc. | Bill Bryson once again proves himself to be an incomparable companion as he guides us through the human body--how it functions, its remarkable ability to heal itself, and (unfortunately) the ways it can fail. Full of extraordinary facts (your body made a million red blood cells since you started reading this) and irresistible Brysonesque anecdotes, The Body will lead you to a deeper understanding of the miracle that is life in general and you in particular. As Bill Bryson writes, "We pass our existence within this wobble of flesh and yet take it almost entirely for granted." The Body will cure that indifference with generous doses of wondrous, compulsively readable facts and information. As addictive as it is comprehensive, this is Bryson at his very best, a must-read owner's manual for every body. |
| 942 ## - ELEMENTOS DE ENTRADA SECUNDARIOS (KOHA) | |
| Fuente del sistema de clasificación o colocación | Clasificación de Library of Congress |
| Suprimir en OPAC | No |
| Tipo de ítem Koha | Libro |
| 946 ## - PROCESAMIENTO DE INFORMACIÓN LOCAL (OCLC) | |
| Iniciales del agente catalogador | llh |
| Estatus retirado | Estado de pérdida | Fuente del sistema de clasificación o colocación | Estado de daño | No para préstamo | Colección | Biblioteca de origen | Biblioteca actual | Ubicación en estantería | Fecha de adquisición | Signatura topográfica completa | Código de barras | Visto por última vez | Copia número | Tipo de ítem Koha |
|---|---|---|---|---|---|---|---|---|---|---|---|---|---|---|
| Clasificación de Library of Congress | Automatización y Procesos Técnicos | Biblioteca Juan Bosch | Biblioteca Juan Bosch | Automatización y Procesos Técnicos (1er. Piso) | 12/05/2026 | B916b 2021 | 00000200089 | 12/05/2026 | 1 | Libro |
